180 degrés méridiens des pays - Statistiques

Statistiques générales
  • Ce quiz a été pris 25 fois
  • Le résultat moyen est 17 sur 20
Statistiques - réponses
degrés pays % Correct
34.18° Japon
100%
13.04° Nauru
100%
26.36° Australie
95%
1.42° Nouvelle-Zélande
95%
0.13° Tuvalu
95%
3.50° Kiribati
91%
16.96° Micronésie
91%
24.05° Papouasie-Nouvelle- Guinée
91%
4.64° Tonga
91%
0.22° Etats-Unis
86%
Fidji
86%
13.87° Salomon
86%
9.76° Vanuatu
86%
7.83° Îles Marshall
82%
39.00° Indonésie
82%
45.35° Palaos
82%
Russie
82%
7.20° Samoa
82%
10.05° Niue
45%
14.12° Îles Cook
41%
Aucun quiz correspondant
Distribution des résultats
% des personnes avec chaque résultat
Percentile par nombre de réponses
Votre historique - résultats
Vous n’avez pas pris ce quiz